|
|
|
|
| LEADER |
00000naa0a2200000 4500 |
| 001 |
595419 |
| 005 |
20250303114343.0 |
| 035 |
|
|
|a (RuTPU)RU\TPU\tpu\16503
|
| 090 |
|
|
|a 595419
|
| 100 |
|
|
|a 20090906d1998 k y0rusy50 ca
|
| 101 |
0 |
|
|a rus
|
| 102 |
|
|
|a RU
|
| 200 |
1 |
|
|a Нетрадиционное комплексное золото-платиноидное, золото-редкометалльное оруденение и возможности их обнаружения в структурах Горного Алтая
|f А. Ф. Коробейников
|
| 333 |
|
|
|a В фонде НТБ ТПУ отсутствует
|
| 463 |
|
|
|t Минерально-сырьевая база Республики Алтай: состояние и перспективы развития
|v С. 25-34
|d 1998
|n [Б. и.]
|
| 610 |
1 |
|
|a труды учёных ТПУ
|
| 700 |
|
1 |
|a Коробейников
|b А. Ф.
|c российский геолог, доктор геолого-минералогических наук
|c профессор Томского политехнического университета
|f 1934-
|g Александр Феопенович
|3 (RuTPU)RU\TPU\pers\12688
|4 070
|
| 801 |
|
1 |
|a RU
|b 63413507
|c 20090906
|
| 801 |
|
2 |
|a RU
|b 63413507
|c 20100324
|g RCR
|
| 942 |
|
|
|c BK
|